Management Control in Nonprofit Organizations. (Record no. 6049)

MARC details
005 - DATE AND TIME OF LATEST TRANSACTION
control field 20250628141117.0
020 ## - INTERNATIONAL STANDARD BOOK NUMBER
International Standard Book Number 007250825
082 ## - DEWEY DECIMAL CLASSIFICATION NUMBER
Classification number 658 ANT
100 ## - MAIN ENTRY--PERSONAL NAME
Author name ANTONY, R.
245 ## - TITLE STATEMENT
Title Management Control in Nonprofit Organizations.
260 ## - PUBLICATION, DISTRIBUTION, ETC.
Place of publication, distribution, etc. New York
Name of publisher, distributor, etc. Mc Graw Hill,
Date of publication, distribution, etc. 2003.
300 ## - PHYSICAL DESCRIPTION
Extent xv,942p.
Other physical details Index.
Dimensions 23cm.
700 ## - ADDED ENTRY--PERSONAL NAME
Other authors/Editors YOUNG,D.
942 ## - ADDED ENTRY ELEMENTS (KOHA)
Source of classification or shelving scheme Dewey Decimal Classification
Koha item type Books
Holdings
Date last seen Total checkouts Full call number Barcode Cost, replacement price Price effective from Koha item type Lost status Source of classification or shelving scheme Damaged status Not for loan Withdrawn status Home library Current library Shelving location Date acquired Source of acquisition Cost, normal purchase price
06/28/2025   658 ANT DOM0001299 225000.00 06/28/2025 Books   Dewey Decimal Classification       CBE Dodoma CBE Dodoma General Collection 01/07/2005 Library budget 75000.00